| 000 | 01293cam a2200361 a 4500 | ||
|---|---|---|---|
| 999 |
_c522777 _d522777 |
||
| 001 | 16093034 | ||
| 003 | NUST | ||
| 005 | 20190121105916.0 | ||
| 008 | 100216s2010 enka b 001 0 eng | ||
| 010 | _a 2010003222 | ||
| 015 |
_aGBB060139 _2bnb |
||
| 016 | 7 |
_a015550532 _2Uk |
|
| 020 | _a0-415-274559 | ||
| 020 | _a0415550157 | ||
| 035 | _a(OCoLC)ocn519826198 | ||
| 038 | _aTanveer | ||
| 040 |
_aDLC _cDLC _dYDX _dYDXCP _dUKM _dBWK _dBWX _dCDX _dOCLCQ _dDLC |
||
| 050 | 0 | 0 |
_aTA749 _b.K57 2010 |
| 082 | 0 | 0 |
_a624.151363 _222 _bMOS |
| 100 | 1 |
_aKirsch, Klaus. _913079 |
|
| 245 | 1 | 0 |
_aGround Improvement / _cKlaus Kirsch and Fabian Kirsch. |
| 260 |
_aLondon ; _aNew York : _bSpon Press, _c2004. |
||
| 300 |
_ax, 198 p. : _bill. ; _c25 cm. |
||
| 504 | _aIncludes bibliographical references and index. | ||
| 650 | 0 |
_aSoil stabilization. _913080 |
|
| 650 | 0 |
_aVibratory compacting. _913081 |
|
| 650 | 0 |
_aFoundations. _9892 |
|
| 700 | 1 |
_aKirsch, Fabian. _913082 |
|
| 856 | 4 | 2 |
_3Contributor biographical information _uhttp://www.loc.gov/catdir/enhancements/fy1102/2010003222-b.html |
| 906 |
_a7 _bcbc _corignew _d1 _eecip _f20 _gy-gencatlg |
||
| 942 |
_2ddc _cBK |
||